000 00516nam a22001697a 4500
005 20251108164832.0
008 250721s1990 xx 000 0 ara d
082 1 4 _a813.0909/عيد
100 1 _aالعيد، يمنى
245 1 0 _aتقنيات السرد الروائي في ضوء المنهج النبوي /
264 1 _aبيروت :
_bدار الفارابي،
_c1990.
300 _a200ص
650 1 7 _aالقصص العربية
650 1 7 _aالنقد الأدبي
942 _2ddc
_cBK
999 _c15487
_d15487